[Event "ROM-ch op"]
[Site "Sarata Monteoru"]
[Date "2011.02.14"]
[Round "4"]
[White "Morea, Georgiana Steluta"]
[Black "Bohiltea, Florin"]
[Result "1-0"]
[WhiteElo "1900"]
[BlackElo "2138"]
[PlyCount "68"]
[EventDate "2011.02.12"]
[EventType "swiss"]
[EventRounds "11"]
[EventCountry "ROU"]
[SourceTitle "CBM 140 Extra"]
[Source "ChessBase"]
[SourceDate "2011.03.01"]
[SourceVersion "1"]
[SourceVersionDate "2011.03.01"]
[SourceQuality "1"]

1. c4 g6 2. Nc3 Bg7 3. g3 d6 4. Bg2 f5 5. e3 Nf6 6. Nge2 c6 7. d3 0-0 8. 0-0 e5 9. Rb1 a5 10. a3 Qe8 11. Qc2 g5 12. f4 exf4 13. exf4 g4 14. Bd2 h5 15. Rbe1 Qf7 16. Nd4 h4 17. Be3 Nh5 18. Qf2 hxg3 19. hxg3 Bf6 20. Na4 Nd7 21. Nxf5 Qg6 22. Be4 Nc5 23. Ne7+ Bxe7 24. Bxg6 Nxa4 25. Bxh5 Bf5 26. Qc2 b5 27. b3 Bf6 28. bxa4 b4 29. axb4 axb4 30. Qe2 Rxa4 31. Bxg4 Bh7 32. Be6+ Kh8 33. Qh5 Rfa8 34. Bf5 R4a7 1-0

[Event "ROM-ch op"]
[Site "Sarata Monteoru"]
[Date "2011.02.12"]
[Round "1"]
[White "Bohiltea, Florin"]
[Black "Bors, Mircea"]
[Result "1/2-1/2"]
[WhiteElo "2138"]
[BlackElo "1651"]
[PlyCount "57"]
[EventDate "2011.02.12"]
[EventType "swiss"]
[EventRounds "11"]
[EventCountry "ROU"]
[SourceTitle "EXT 2013"]
[Source "ChessBase"]
[SourceDate "2012.11.22"]
[SourceVersion "1"]
[SourceVersionDate "2012.11.22"]
[SourceQuality "1"]

1. e4 c6 2. d4 d5 3. exd5 cxd5 4. Bd3 Nc6 5. c3 Nf6 6. Bf4 Bg4 7. Qb3 Qd7 8. h3 Bh5 9. Nd2 e6 10. Ngf3 Be7 11. Ne5 Qc8 12. Bb5 0-0 13. Bxc6 bxc6 14. g4 Bg6 15. Nxg6 hxg6 16. 0-0 c5 17. Be5 c4 18. Qc2 Qd7 19. b3 cxb3 20. axb3 Bd6 21. Nf3 Rfc8 22. Ra4 Bxe5 23. Nxe5 Qc7 24. c4 dxc4 25. bxc4 Nd7 26. Nxd7 Qxd7 27. c5 Qd5 28. Rfa1 e5 29. dxe5 1/2-1/2

[Event "Ploiesti TC IND Cup op"]
[Site "Ploiesti"]
[Date "2002.09.22"]
[Round "5"]
[White "Pogorevici, Leonid"]
[Black "Bohiltea, Florin"]
[Result "1/2-1/2"]
[WhiteElo "2144"]
[BlackElo "2214"]
[PlyCount "27"]
[EventDate "2002.09.14"]
[EventType "swiss"]
[EventRounds "11"]
[EventCountry "ROU"]
[SourceTitle "EXT 2003"]
[Source "ChessBase"]
[SourceDate "2002.11.25"]
[SourceVersion "1"]
[SourceVersionDate "2002.11.25"]
[SourceQuality "1"]

1. Nf3 g6 2. g3 Bg7 3. Bg2 Nf6 4. 0-0 0-0 5. d4 d6 6. c4 Nbd7 7. Nc3 e5 8. dxe5 Nxe5 9. Nxe5 dxe5 10. Qxd8 Rxd8 11. Bg5 Be6 12. b3 a6 13. Rad1 Rxd1 14. Rxd1 1/2-1/2